Las Consecuencias económicas de George Bush Jr. /
El autor comenta los aspectos fundamentales de la expansión económica con burbuja bursátil de los años noventa. Se analiza los efectos macroeconómicos de la recesión más reciente de la economía estadounidense y, a manera de conclusión, se hace un breve escrutinio del futuro del dólar
Gorde:
| Egile nagusia: | |
|---|---|
| Formatua: | Texto |
| Gaiak: | |
| Etiketak: |
Etiketa erantsi
Etiketarik gabe, Izan zaitez lehena erregistro honi etiketa jartzen!
|
MARC
| LEADER | 00000 a a2200000 04500 | ||
|---|---|---|---|
| 001 | 5354 | ||
| 003 | |||
| 040 | |||
| 100 | |a Perrotini Henrnández, Ignacio | ||
| 245 | |a Las Consecuencias económicas de George Bush Jr. / |c Ignacio Perrotini Henrnández | ||
| 500 | |a Este artículo es parte del proyecto de investigación Microfinanzas, sistema financiero y desarrollo económico | ||
| 520 | |a El autor comenta los aspectos fundamentales de la expansión económica con burbuja bursátil de los años noventa. Se analiza los efectos macroeconómicos de la recesión más reciente de la economía estadounidense y, a manera de conclusión, se hace un breve escrutinio del futuro del dólar | ||
| 650 | |a RECESION ECONOMICA | ||
| 650 | |a CONDICIONES ECONOMICAS | ||
| 650 | |a MERCADO FINANCIERO | ||
| 650 | |a DEVALUACION | ||
| 650 | |a DEMANDA | ||
| 650 | |a MACROECONOMIA | ||
| 773 | |g número 327; páginas 5-16 | ||
| 999 | |c 24163 |d 24163 | ||
